Výhody sa nedostavili Všetko sa dá zrátať, len treba chcieť
Výhody a nevýhody colnej únie pre ČR a SR, dôsledky pre slabšiu ekonomiku SR. Štruktúrna analýza vzájomného obchodu, saldo, komoditné skupiny. Negatívne dôsledky obchodu v rámci colnej únie s produkciou z domácej surovinovej základne (poľnohospodársko-potravinový komplex). Dôsledky vypustenia niekto...
Salvato in:
| Autore principale: | |
|---|---|
| Natura: | Capitolo di libro |
| Lingua: | slovacco |
| Soggetti: | |
| Tags: |
Nessun Tag, puoi essere il primo ad aggiungerne!!
|
MARC
| LEADER | 00000naa a2200000 4500 | ||
|---|---|---|---|
| 001 | r024152 | ||
| 005 | 20221213113648.9 | ||
| 041 | 0 | |a slo | |
| 044 | |a SK | ||
| 245 | 1 | 0 | |a Výhody sa nedostavili |b Všetko sa dá zrátať, len treba chcieť |c L. Klinko |
| 520 | |a Výhody a nevýhody colnej únie pre ČR a SR, dôsledky pre slabšiu ekonomiku SR. Štruktúrna analýza vzájomného obchodu, saldo, komoditné skupiny. Negatívne dôsledky obchodu v rámci colnej únie s produkciou z domácej surovinovej základne (poľnohospodársko-potravinový komplex). Dôsledky vypustenia niektorých opatrení podkladového návrhu zmluvy, ktorý vypracovala expertná skupina Ekonomickej univerzity a Prognostického ústavu SAV. | ||
| 610 | 2 | 0 | |a Slovensko |
| 610 | 2 | 0 | |a Česko |
| 610 | 2 | 0 | |a politika colná |
| 610 | 2 | 0 | |a únie colné |
| 610 | 2 | 0 | |a obchod |
| 610 | 2 | 0 | |a vývoz |
| 610 | 2 | 0 | |a dovoz |
| 610 | 2 | 0 | |a ceny |
| 610 | 2 | 0 | |a Ekonomická univerzita v Bratislave |
| 100 | 1 | |a Klinko, L. | |